Autour du lapin ! - Statistiques

Statistiques générales
  • Ce quiz a été pris 398 fois
  • Le résultat moyen est 11 sur 25
Statistiques - réponses
Autour du lapin Réponses % Correct
Faire attendre quelqu'un en n'allant pas au rendez-vous fixé Poser un lapin
98%
Traumatisme le plus souvent consécutif à un accident de voiture Coup du lapin
84%
Sa réplique favorite est : “Quoi d’neuf, docteur ?!" Bugs Bunny
82%
Se dit d'un homme très porté sur le sexe Chaud lapin
75%
Quel magazine érotique a pour logo un profil de lapin portant un nœud papillon ? Playboy
75%
Complétez cette expression enfantine : "Haut les mains, ............." Peau d' lapin
74%
Meilleur ami de Bambi Panpan ou Pan-pan
73%
Quelle marque de piles a pour mascotte un lapin infatigable ? Duracell
72%
Créature imaginaire qui, selon la tradition, distribue, la veille du matin d'une importante fête chrétienne, des œufs dans les jardins Lapin de Pâques ou lièvre de Pâques
70%
Lapins anthropomorphes blancs, héros de jeux vidéos Les lapins crétins
60%
Qui chante en 1977 : "Ce matin un lapin a tué un chasseur" ? Chantal Goya
58%
Personnage de fiction d'Alice aux pays des merveilles portant une montre à gousset Le lapin blanc
48%
Héros d'un film d'animation et prises de vues réelles de Zemeckis en 1988 Roger Rabbit
41%
Selon la superstition,où les lapins ne sont ils pas les bienvenus car ils porteraient malheur ? Bateau
38%
Lapin mutant traqué par Wallace & Gromit en 2005 Le lapin-garou
30%
Façon de cuisiner le lapin en sauce ( vin blanc, oignon, beurre ) Lapin chasseur
18%
Détecter une difficulté imprévue Soulever ou Lever un lièvre
12%
Nom vernaculaire de la forme domestiquée du lapin Lapin de garenne
11%
Complétez le titre de cette fable de la Fontaine : " .. ....., .. ....... et le petit lapin" Le chat, la belette
10%
Dans quel film de 2001, Jake Gyllenhaal a un ami imaginaire, un lapin géant nommé Frank ? Donnie Darko
8%
Qui chante en 1972 : "Petit lapin ne vient pas à Paris" ? Henri Salvador
8%
Héros d'une série pour la jeunesse d'Enyd Blyton Jojo lapin
6%
Sur quelles îles françaises l'introduction des lapins a t elle profondément modifié l'écosystème ? Kerguelen
6%
Espèce de fricassée de lapin Gibelotte
4%
Groupe de rock français originaire de Vendée, actif de 1988 à 2005. The Little Rabbits
3%
Aucun quiz correspondant
Distribution des résultats
% des personnes avec chaque résultat
Percentile par nombre de réponses
Votre historique - résultats
Vous n’avez pas pris ce quiz